000
00296nam a22001337a 4500
008
170717b xxu||||| |||| 00| 0 eng d
020
_a
9780415259347
041
_a
eng
080
_a
2
100
_a
24
101
_a
TEO
245
_a
HISTORY OF ISLAMIC PHILOSOPHY
_c
NASR, S.H
942
_2
udc
_c
BK
999
_c
21354
_d
21354